[Event "Danmarksmesterskabet 1975"]
[Site "Odense"]
[Date "1975.03.25"]
[Round "4"]
[White "Rath, Ulrik"]
[Black "Brinck Claussen, Bjorn"]
[Result "1-0"]
[WhiteElo "2371"]
[BlackElo "2408"]
[PlyCount "91"]
[EventDate "1975.03.22"]
[EventType "swiss"]
[EventRounds "10"]
[EventCountry "DEN"]
[SourceTitle "ChessBase"]

1. e4 c5 2. Nf3 d6 3. d4 cxd4 4. Nxd4 Nf6 5. Nc3 a6 6. Be2 e5 7. Nb3 Be7 8. O-O O-O 9. Be3 Qc7 10. a4 b6 11. Qd2 Bb7 12. f3 Nbd7 13. Rfd1 Rfc8 14. Nc1 d5 15. exd5 Bb4 16. N1a2 Bc5 17. Kh1 Re8 18. Rac1 e4 19. fxe4 Nxe4 20. Nxe4 Rxe4 21. Bxc5 bxc5 22. Nc3 Rh4 23. d6 Qb6 24. Qe3 Nf6 25. Bf3 Rd8 26. a5 Qb4 27. b3 h6 28. Ne2 Bxf3 29. gxf3 Qb7 30. Kg1 Kf8 31. Rd3 Re8 32. Qxc5 Nd7 33. Qf2 Rh5 34. Ng3 Rxa5 35. Rcd1 Re6 36. c4 Qb4 37. Qd2 Qc5+ 38. Qf2 Qb4 39. Qa7 Ra2 40. Qa8+ Re8 41. Qa7 Re1+ 42. Nf1 Ree2 43. Qxd7 Qc5+ 44. Kh1 Qh5 45. Qc8+ Re8 46. d7 1-0

[Event "Danmarksmesterskabet 1975"]
[Site "Odense"]
[Date "1975.03.26"]
[Round "5"]
[White "Rosenlund, Thorbjorn"]
[Black "Rath, Ulrik"]
[Result "1-0"]
[WhiteElo "2324"]
[BlackElo "2371"]
[PlyCount "83"]
[EventDate "1975.03.22"]
[EventType "swiss"]
[EventRounds "10"]
[EventCountry "DEN"]
[SourceTitle "ChessBase"]

1. d4 Nf6 2. Nf3 b6 3. g3 Bb7 4. Bg2 e6 5. O-O Be7 6. c4 O-O 7. Nc3 Ne4 8. Qc2 d5 9. Bf4 Nxc3 10. Qxc3 dxc4 11. Qxc4 c5 12. Rfd1 Qc8 13. Rac1 Na6 14. dxc5 Bxc5 15. a3 Rd8 16. Rxd8+ Qxd8 17. Ne5 Bxg2 18. Kxg2 g5 19. Qxa6 Qd5+ 20. f3 gxf4 21. gxf4 Qd2 22. Qc4 Be3 23. Rc2 Qd1 24. Ng4 Bd4 25. e3 Bg7 26. Nf2 Qe1 27. Re2 Qb1 28. Qe4 Qxe4 29. fxe4 Rc8 30. e5 Bf8 31. Ne4 Be7 32. Kf3 Kf8 33. Rd2 Ke8 34. Nd6+ Bxd6 35. exd6 Kd7 36. e4 b5 37. e5 a5 38. Rg2 b4 39. axb4 axb4 40. Rg7 Rc2 41. Rxf7+ Kd8 42. f5 1-0

[Event "Danmarksmesterskabet 1975"]
[Site "Odense"]
[Date "1975.03.24"]
[Round "3"]
[White "Rosenlund, Thorbjorn"]
[Black "Kolbak, Jens"]
[Result "1/2-1/2"]
[WhiteElo "2324"]
[BlackElo "2343"]
[PlyCount "79"]
[EventDate "1975.03.22"]
[EventType "swiss"]
[EventRounds "10"]
[EventCountry "DEN"]
[SourceTitle "ChessBase"]

1. d4 d5 2. Nf3 Nf6 3. c4 dxc4 4. Nc3 Bf5 5. e3 e6 6. Bxc4 Bd6 7. Qe2 Ne4 8. Nd2 Nxd2 9. Bxd2 Nc6 10. O-O Bg6 11. Rac1 O-O 12. f4 a6 13. Nd1 Qe7 14. Qf3 Bb4 15. Bc3 Na5 16. Be2 Rac8 17. Nf2 c5 18. Bxb4 cxb4 19. b3 Rc7 20. Nd3 Rfc8 21. Rxc7 Rxc7 22. Nc5 Nc6 23. Nxb7 Nxd4 24. exd4 Rxb7 25. d5 Qc5+ 26. Kh1 Rd7 27. dxe6 fxe6 28. Bc4 Bf7 29. Qa8+ Qf8 30. Qxa6 Qd6 31. Qa8+ Qf8 32. Qe4 Qc5 33. Qe1 Qd6 34. h3 g6 35. Qe2 Qd2 36. Qe5 Qd4 37. Bxe6 Qxe5 38. Bxf7+ Kxf7 39. fxe5+ Ke6 40. Rf6+ 1/2-1/2

[Event "Danmarksmesterskabet 1975"]
[Site "Odense"]
[Date "1975.03.22"]
[Round "1"]
[White "Rosenlund, Thorbjorn"]
[Black "Eriksen, Soren"]
[Result "1-0"]
[WhiteElo "2324"]
[BlackElo "2163"]
[PlyCount "81"]
[EventDate "1975.03.22"]
[EventType "swiss"]
[EventRounds "10"]
[EventCountry "DEN"]
[SourceTitle "ChessBase"]

1. Nf3 d5 2. b3 Nf6 3. Bb2 e6 4. g3 b6 5. Bg2 Bb7 6. O-O Be7 7. d3 O-O 8. e3 c5 9. Qe2 Nbd7 10. c4 Qc7 11. Nc3 Rad8 12. Rfd1 a6 13. Rac1 Rfe8 14. cxd5 exd5 15. d4 Qb8 16. Qd3 b5 17. dxc5 Nxc5 18. Qf5 g6 19. Qf4 Qxf4 20. gxf4 b4 21. Ne2 Nfe4 22. Ne5 f6 23. Nd3 Nxd3 24. Rxd3 Nc5 25. Rd2 Kf7 26. Bd4 Ne6 27. Rdc2 Nxd4 28. Nxd4 Rd7 29. Rc7 Red8 30. f5 Ke8 31. R7c2 Bd6 32. f4 Kf7 33. Kf2 Be7 34. Bh3 Rd6 35. Rc7 Rb8 36. Bg4 a5 37. h4 Ba6 38. Ra7 Rb7 39. Rxb7 Bxb7 40. Rc7 Rb6 41. h5 1-0

[Event "Danmarksmesterskabet 1975"]
[Site "Odense"]
[Date "1975.03.24"]
[Round "3"]
[White "Sloth, Jorn"]
[Black "Ingerslev, Aage"]
[Result "1-0"]
[WhiteElo "2431"]
[BlackElo "2334"]
[PlyCount "73"]
[EventDate "1975.03.22"]
[EventType "swiss"]
[EventRounds "10"]
[EventCountry "DEN"]
[SourceTitle "ChessBase"]

1. Nf3 Nf6 2. g3 d5 3. Bg2 e6 4. O-O Be7 5. d3 b6 6. Nbd2 Bb7 7. e3 Nbd7 8. b3 O-O 9. Bb2 Re8 10. Qe2 c5 11. e4 dxe4 12. dxe4 Qc7 13. e5 Nd5 14. a3 Bf8 15. Rfe1 a6 16. Ne4 b5 17. c4 bxc4 18. bxc4 N5b6 19. a4 Bc6 20. Qc2 Rab8 21. Bc1 Be7 22. a5 Nc8 23. Bd2 Nf8 24. Bc3 Bxe4 25. Qxe4 Na7 26. Nd2 Rec8 27. Rab1 Nd7 28. Rb7 Rxb7 29. Qxb7 Nc6 30. Qxa6 Nd4 31. Qb7 Qxb7 32. Bxb7 Rb8 33. a6 Nb6 34. Ba5 Bd8 35. Rb1 Na8 36. a7 Rxb7 37. Rxb7 1-0

[Event "Danmarksmesterskabet 1975"]
[Site "Odense"]
[Date "1975.03.22"]
[Round "1"]
[White "Sloth, Jorn"]
[Black "Bjerring, Kai"]
[Result "1/2-1/2"]
[WhiteElo "2431"]
[BlackElo "2297"]
[PlyCount "46"]
[EventDate "1975.03.22"]
[EventType "swiss"]
[EventRounds "10"]
[EventCountry "DEN"]
[SourceTitle "ChessBase"]

1. Nf3 c5 2. c4 Nf6 3. b3 d6 4. g3 g6 5. Bg2 Bg7 6. Bb2 Nc6 7. O-O O-O 8. d4 cxd4 9. Nxd4 Bd7 10. Nc2 Qc8 11. Nc3 Bh3 12. f3 Rd8 13. e4 Bxg2 14. Kxg2 Ne8 15. Qe2 Nc7 16. Nd1 e6 17. Nce3 d5 18. Bxg7 Kxg7 19. cxd5 exd5 20. Nxd5 Nxd5 21. exd5 Rxd5 22. Qb2+ f6 23. Ne3 Rd3 1/2-1/2

[Event "Danmarksmesterskabet 1975"]
[Site "Odense"]
[Date "1975.03.31"]
[Round "10"]
[White "Sloth, Jorn"]
[Black "Rosenlund, Thorbjorn"]
[Result "1-0"]
[WhiteElo "2431"]
[BlackElo "2324"]
[PlyCount "91"]
[EventDate "1975.03.22"]
[EventType "swiss"]
[EventRounds "10"]
[EventCountry "DEN"]
[SourceTitle "ChessBase"]

1. Nf3 g6 2. g3 Bg7 3. Bg2 c5 4. O-O Nc6 5. c3 Qb6 6. d3 Nf6 7. e4 d6 8. Nbd2 O-O 9. a3 Qa6 10. Re1 Nd7 11. Bf1 b5 12. a4 b4 13. d4 Qb7 14. d5 Na5 15. c4 Qc7 16. Ra2 e5 17. Nh4 Ba6 18. b3 Rae8 19. Bd3 Bc8 20. Nf1 Qd8 21. Ne3 Bh6 22. f3 Nf6 23. Rf2 Nh5 24. Nhg2 f6 25. Bb2 Rf7 26. f4 Ng7 27. f5 Bxe3 28. Nxe3 g5 29. Ng4 Rc7 30. Nh6+ Kh8 31. Bc1 Ree7 32. h4 gxh4 33. g4 Qf8 34. Rh2 Ne8 35. Rxh4 Nb7 36. Kf2 Rg7 37. Reh1 Nd8 38. Qf3 Nf7 39. Nxf7+ Qxf7 40. Qh3 a5 41. Rh6 Qg8 42. Be2 Rg5 43. Bxg5 fxg5 44. Qh5 Rg7 45. f6 Rf7 46. Rxh7+ 1-0

[Event "Danmarksmesterskabet 1975"]
[Site "Odense"]
[Date "1975.03.25"]
[Round "4"]
[White "Sloth, Jorn"]
[Black "Iskov, Gert"]
[Result "1/2-1/2"]
[WhiteElo "2431"]
[BlackElo "2364"]
[PlyCount "37"]
[EventDate "1975.03.22"]
[EventType "swiss"]
[EventRounds "10"]
[EventCountry "DEN"]
[SourceTitle "ChessBase"]

1. c4 g6 2. g3 Bg7 3. Bg2 Nf6 4. Nc3 O-O 5. Nf3 d5 6. cxd5 Nxd5 7. O-O c5 8. Ng5 Nc7 9. d3 h6 10. Nge4 Nba6 11. Be3 b6 12. a3 Rb8 13. Rb1 Be6 14. Qa4 Bd7 15. Qc2 Ne6 16. b4 Rc8 17. b5 Nac7 18. a4 Nd4 19. Qc1 1/2-1/2

[Event "Danmarksmesterskabet 1975"]
[Site "Odense"]
[Date "1975.03.27"]
[Round "6"]
[White "Kolbak, Jens"]
[Black "Rath, Ulrik"]
[Result "1/2-1/2"]
[WhiteElo "2343"]
[BlackElo "2371"]
[PlyCount "113"]
[EventDate "1975.03.22"]
[EventType "swiss"]
[EventRounds "10"]
[EventCountry "DEN"]
[SourceTitle "Jens Kolbak notes"]

1. d4 Nf6 2. c4 g6 3. Nc3 d5 4. cxd5 Nxd5 5. e4 Nxc3 6. bxc3 Bg7 7. Bc4 c5 8. Ne2 Nc6 9. Be3 O-O 10. O-O Qc7 11. Rc1 Rd8 12. f4 Bg4 13. f5 gxf5 14. h3 Bxe2 15. Qxe2 cxd4 16. cxd4 Nxd4 17. Bxf7+ Kh8 18. Rxc7 Nxe2+ 19. Kf2 Nd4 20. Rxe7 fxe4 21. Rxb7 Nf5 22. Be6 Nxe3 23. Kxe3 Rd3+ 24. Kxe4 Rg3 25. Rfb1 Re8 26. Rb8 Rf8 27. R1b7 a5 28. Rxf8+ Bxf8 29. Rf7 Bb4 30. Rb7 h6 31. Bg4 Rxg2 32. Kf5 Rd2 33. Kg6 Rd6+ 34. Kf7 h5 35. Bf5 Rd8 36. Kg6 Rg8+ 37. Kxh5 Rg7 38. Rb8+ Rg8 39. Rb5 Kg7 40. Be6 Rh8+ 41. Kg5 Bd2+ 42. Kg4 Kf6 43. Bb3 Be1 44. Rb6+ Kg7 45. Re6 Bh4 46. Ra6 Be1 47. Ra7+ Kf6 48. Ra6+ Kg7 49. Be6 Rh6 50. Kf4 Rf6+ 51. Ke5 Bg3+ 52. Kd5 Be1 53. Ra8 Rf2 54. Ke4 Rh2 55. Ra6 Kf6 56. Bf5+ Kg7 57. Be6 1/2-1/2

[Event "Danmarksmesterskabet 1975"]
[Site "Odense"]
[Date "1975.03.28"]
[Round "7"]
[White "Brinck Claussen, Bjorn"]
[Black "Kolbak, Jens"]
[Result "1/2-1/2"]
[WhiteElo "2408"]
[BlackElo "2343"]
[PlyCount "112"]
[EventDate "1975.03.22"]
[EventType "swiss"]
[EventRounds "10"]
[EventCountry "DEN"]
[SourceTitle "Jens Kolbak notes"]

1. d4 d5 2. c4 dxc4 3. Nf3 a6 4. e3 Nf6 5. Bxc4 e6 6. a4 c5 7. O-O Nc6 8. Qe2 cxd4 9. Rd1 Be7 10. exd4 O-O 11. Nc3 Nb4 12. Bg5 Bd7 13. d5 exd5 14. Nxd5 Nbxd5 15. Bxd5 Nxd5 16. Rxd5 Bxg5 17. Nxg5 h6 18. Qd2 hxg5 19. Rxd7 Qf6 20. Rxb7 Rab8 21. Qb4 Rxb7 22. Qxb7 Rd8 23. Rc1 Qd4 24. Qxa6 Qxb2 25. Qc6 g4 26. g3 g6 27. Qc2 Qxc2 28. Rxc2 Rd1+ 29. Kg2 Ra1 30. Rc4 f5 31. h3 gxh3+ 32. Kxh3 Kg7 33. Kg2 Ra3 34. Kf1 Ra2 35. Kg2 Ra3 36. g4 fxg4 37. Rxg4 Kf6 38. f3 Kf5 39. Rb4 Ra1 40. Kg3 Rg1+ 41. Kf2 Ra1 42. f4 g5 43. fxg5 Kxg5 44. Ke3 Kf5 45. Kd4 Ke6 46. Kc5 Kd7 47. Kb6 Kc8 48. Ka7 Kc7 49. Rc4+ Kd7 50. Kb6 Rb1+ 51. Ka6 Rb2 52. a5 Rb1 53. Ka7 Rb5 54. a6 Rb1 55. Rh4 Kc8 56. Rh7 Rb2 1/2-1/2

[Event "Danmarksmesterskabet 1975"]
[Site "Odense"]
[Date "1975.03.31"]
[Round "10"]
[White "Kolbak, Jens"]
[Black "Norby, Peter H"]
[Result "0-1"]
[WhiteElo "2343"]
[BlackElo "2293"]
[PlyCount "134"]
[EventDate "1975.03.22"]
[EventType "swiss"]
[EventRounds "10"]
[EventCountry "DEN"]
[SourceTitle "Jens Kolbak notes"]

1. d4 c5 2. d5 e5 3. e4 d6 4. Nc3 a6 5. a4 Nd7 6. Nf3 Rb8 7. Bd3 Ne7 8. Nd2 Ng6 9. g3 Nf6 10. h4 Qc7 11. a5 Bd7 12. h5 Ne7 13. Nc4 Nc8 14. Be2 Na7 15. Nb6 Nb5 16. Nxd7 Qxd7 17. Nxb5 axb5 18. Qd3 Be7 19. f3 c4 20. Qc3 O-O 21. Be3 Rfc8 22. Bf1 Rf8 23. Qb4 Ra8 24. Bb6 Bd8 25. Bh3 Qe7 26. Bxd8 Rfxd8 27. Bf1 Rdc8 28. Qxb5 Rc5 29. Qb4 Qc7 30. Kf2 h6 31. c3 Raxa5 32. Rxa5 Rxa5 33. Bxc4 b5 34. Bd3 Nd7 35. Ke2 Qb6 36. Qb3 Nc5 37. Qc2 Ra2 38. Rb1 b4 39. cxb4 Qxb4 40. Bc4 Ra4 41. Rc1 Qb8 42. Kf2 Rb4 43. b3 Kh7 44. Kg2 Qb6 45. Qc3 Nb7 46. Re1 Na5 47. Qe3 Nxc4 48. bxc4 Rb2+ 49. Kh3 Qb4 50. Rc1 Rb3 51. Qf2 Qa3 52. Rf1 Rb2 53. Qg1 Qd3 54. Rf2 Rb1 55. Rd2 Qb3 56. Qg2 Qxc4 57. Rc2 Qb5 58. Rc7 f6 59. Re7 Qc5 60. Qd2 Rh1+ 61. Kg4 Qc4 62. Qg2 Qc8+ 63. Re6 Qc1 64. f4 exf4 65. Qf3 Rf1 66. Qd3 fxg3 67. Kxg3 Qg5+ 0-1

[Event "Danmarksmesterskabet 1975"]
[Site "Odense"]
[Date "1975.03.23"]
[Round "2"]
[White "Brinck Claussen, Bjorn"]
[Black "Sloth, Jorn"]
[Result "1-0"]
[WhiteElo "2408"]
[BlackElo "2431"]
[PlyCount "175"]
[EventDate "1975.03.22"]
[EventType "swiss"]
[EventRounds "10"]
[EventCountry "DEN"]
[SourceTitle "B Brinck Claussen notebooks"]

1. d4 e6 2. c4 Bb4+ 3. Nd2 Nf6 4. a3 Bxd2+ 5. Qxd2 d6 6. Nf3 b6 7. e3 Bb7 8. Be2 Nbd7 9. O-O O-O 10. b4 Ne4 11. Qc2 f5 12. Ne1 Qe7 13. f3 Ng5 14. Nd3 e5 15. c5 Bd5 16. c6 Nf6 17. dxe5 dxe5 18. e4 fxe4 19. Bxg5 exd3 20. Bxd3 h6 21. Bh4 Qe6 22. Bf5 Qxc6 23. Qxc6 Bxc6 24. Rfc1 Bd5 25. Rxc7 Ne8 26. Rd7 Rxf5 27. Rxd5 Nc7 28. Rd7 Nb5 29. Bg3 a5 30. bxa5 Rxa5 31. Rb7 Rxa3 32. Re1 Nd6 33. Rxb6 Nf7 34. Rb5 Ra8 35. f4 Nd6 36. Rbxe5 Rf7 37. Rd1 Ne8 38. Rf1 Nf6 39. h3 Nd7 40. Rb5 Ra3 41. Be1 Ra1 42. Bd2 Rxf1+ 43. Kxf1 Nf6 44. Be3 Rd7 45. Ke2 h5 46. Bc1 Kf7 47. Bb2 Nd5 48. Kf3 g6 49. Ke4 Nc7 50. Rb7 Re7+ 51. Be5 Nd5 52. Rb8 Nf6+ 53. Kf3 Ng8 54. Rb5 Nh6 55. g4 hxg4+ 56. hxg4 Ra7 57. Kg3 Ng8 58. Rb6 Re7 59. Kh4 Re6 60. Rb7+ Re7 61. Rb1 Re6 62. Kg5 Ne7 63. Rh1 Nd5 64. Rh7+ Ke8 65. Rg7 Ne3 66. Rc7 Nd5 67. Rb7 Ne7 68. Bf6 Nd5 69. Bb2 Nb6 70. Rg7 Nd5 71. Bd4 Kf8 72. Rd7 Nb6 73. Rd8+ Ke7 74. Rb8 Nd5 75. Rb5 Kd6 76. Be5+ Kc6 77. Rb3 Nb6 78. Rd3 Nd5 79. Kh6 Ne7 80. Kg7 Nd5 81. g5 Re7+ 82. Kxg6 Rxe5 83. fxe5 Nf4+ 84. Kf5 Nxd3 85. g6 Nb4 86. g7 Nd5 87. Kg6 Ne7+ 88. Kf7 1-0

[Event "Danmarksmesterskabet 1975"]
[Site "Odense"]
[Date "1975.03.29"]
[Round "8"]
[White "Rosenlund, Thorbjorn"]
[Black "Brinck Claussen, Bjorn"]
[Result "1/2-1/2"]
[WhiteElo "2324"]
[BlackElo "2408"]
[PlyCount "36"]
[EventDate "1975.03.22"]
[EventType "swiss"]
[EventRounds "10"]
[EventCountry "DEN"]
[SourceTitle "B Brinck Claussen notebooks"]

1. d4 Nf6 2. Nf3 g6 3. g3 Bg7 4. Bg2 O-O 5. O-O d5 6. c4 c6 7. cxd5 cxd5 8. Ne5 Ng4 9. Bf4 Nxe5 10. Bxe5 f6 11. Bxb8 Rxb8 12. Nc3 e6 13. Qb3 f5 14. e3 g5 15. Ne2 Bd7 16. f4 g4 17. Nc1 Qa5 18. Nd3 b6 1/2-1/2

[Event "Danmarksmesterskabet 1975"]
[Site "Odense"]
[Date "1975.03.30"]
[Round "9"]
[White "Lund, Jens Christian"]
[Black "Brinck Claussen, Bjorn"]
[Result "0-1"]
[WhiteElo "2206"]
[BlackElo "2408"]
[PlyCount "112"]
[EventDate "1975.03.22"]
[EventType "swiss"]
[EventRounds "10"]
[EventCountry "DEN"]
[SourceTitle "B Brinck Claussen notebooks"]

1. d4 Nf6 2. c4 g6 3. Nc3 d5 4. cxd5 Nxd5 5. e4 Nxc3 6. bxc3 Bg7 7. Bc4 O-O 8. Ne2 Nc6 9. O-O b6 10. f4 Na5 11. Bd3 c5 12. Be3 cxd4 13. cxd4 f5 14. Rc1 Bb7 15. Ng3 e6 16. Qa4 Qd6 17. Rfd1 Rac8 18. Bb1 Rxc1 19. Rxc1 Rd8 20. d5 fxe4 21. dxe6 Qxe6 22. Rc7 Qd6 23. Rc1 Bc6 24. Qc2 Bd4 25. Qf2 Qa3 26. Re1 Bxe3 27. Rxe3 Rd1+ 28. Re1 e3 29. Qe2 Rd2 30. Qg4 Rxg2+ 31. Kf1 e2+ 32. Rxe2 Qc1+ 33. Re1 Rg1+ 34. Kxg1 Qxe1+ 35. Nf1 Bb5 36. Qc8+ Kg7 37. Bd3 Bxd3 38. Qd7+ Kf6 39. Qxd3 Qe6 40. Qd8+ Qe7 41. Qd4+ Kf7 42. Qh8 Ke6 43. Ng3 Kd7 44. Qb8 Nc6 45. Qb7+ Kd6 46. Qa6 Qe3+ 47. Kg2 Qxf4 48. Qd3+ Qd4 49. Qa3+ Kc7 50. Qb3 Qd2+ 51. Kh3 Ne5 52. Qa3 Qd7+ 53. Kg2 Kb7 54. Qe3 Qd5+ 55. Kh3 Qe6+ 56. Kg2 Qxa2+ 0-1

[Event "Danmarksmesterskabet 1975"]
[Site "Odense"]
[Date "1975.03.31"]
[Round "10"]
[White "Ingerslev, Aage"]
[Black "Brinck Claussen, Bjorn"]
[Result "1/2-1/2"]
[WhiteElo "2334"]
[BlackElo "2408"]
[PlyCount "141"]
[EventDate "1975.03.22"]
[EventType "swiss"]
[EventRounds "10"]
[EventCountry "DEN"]
[SourceTitle "B Brinck Claussen notebooks"]

1. d4 Nf6 2. c4 g6 3. Nc3 d5 4. e3 Bg7 5. Nf3 O-O 6. Be2 dxc4 7. Bxc4 Nfd7 8. O-O Nb6 9. Bb3 Nc6 10. Qe2 e5 11. Nxe5 Nxe5 12. dxe5 Bxe5 13. e4 Qe7 14. Be3 Be6 15. Nd5 Bxd5 16. exd5 Rfe8 17. Qd2 Bd6 18. g3 Qe4 19. Rac1 Nd7 20. Rc4 Qe7 21. Bd4 Ne5 22. Bxe5 Qxe5 23. Bd1 Re7 24. Bf3 Qf6 25. Kg2 Rae8 26. Qc2 Re5 27. Re4 Rxe4 28. Bxe4 Qd4 29. Bf3 Qb4 30. Rd1 a5 31. a4 Re1 32. Rxe1 Qxe1 33. h4 h5 34. Qe4 Qd2 35. Qe2 Qd4 36. b3 b6 37. Qd1 Qc3 38. Be4 Qe5 39. Qd3 Kg7 40. Bf3 Bc5 41. Bd1 Qb2 42. Bc2 Qa1 43. Qe4 Qc3 44. Bd1 Bd4 45. Qf3 Qc5 46. Kf1 Qc1 47. Kg2 Bc5 48. Be2 Qd2 49. Bc4 Qd4 50. Qe2 f5 51. f4 Qg1+ 52. Kf3 Kh6 53. Qd2 Qb1 54. Qe2 Qc1 55. Kg2 Qg1+ 56. Kf3 Bb4 57. Qf1 Qd4 58. Qd3 Qb2 59. Qe2 Qb1 60. Kg2 Bc5 61. Kf3 Bd4 62. Kg2 Qg1+ 63. Kf3 Bc3 64. Qf1 Qc5 65. Qd3 Be1 66. Qf1 Qb4 67. Qd3 Qe7 68. Qe2 Qe4+ 69. Qxe4 fxe4+ 70. Kxe4 Bxg3 71. f5 1/2-1/2